000 00893nas a2200277 4500
001 BR2011006909
003 BR-BrBNA
005 20231205120130.0
007 ta
008 230509b bl.|||p| |||| 00| 00por d
040 _aBR-BrBNA
_bpor
_cBiblioteca Nacional de Agricultura
041 _a(Pt)
072 _aP40; U10
100 1 _aSoccol, O.J.
100 1 _aCardoso, C.O.
100 1 _aMiquelluti, D.J.
245 1 _aAnálise da precipitação mensal provável para o município de Lages, SC
650 _aCHUVA
650 _aPLUVIOMETRIA
650 _aANÁLISE ESTATÍSTICA
650 _aIRRIGAÇÃO
773 0 _tRevista Brasileira de Engenharia Agrícola e Ambiental (Brazil)
_xISSN 1807-1929
_g(Jun 2010), v.14(6) p. 569-574
_wBR2011006909
856 4 0 _uhttp://www.scielo.br/pdf/rbeaa/v14n6/a01v14n6.pdf
909 _a202311
_bLúcia
_c55
_dLúcia Elande
942 _2AGRIS
_n0
_cANA
999 _c217165
_d217165